Národohospodářský obzor časopis věnovaný otázkám národohospodářským a sociálněpolitickým

Salvato in:
Dettagli Bibliografici
Natura: Periodico
Lingua:ceco
Pubblicazione: Varšava Sciendo 2025
Tags: Aggiungi Tag
Nessun Tag, puoi essere il primo ad aggiungerne!!

MARC

LEADER 00000nas2a2200000 4500
001 0312907
005 20251022133718.1
022 |a 1804-1663 
041 0 |a cze 
044 |a PL 
245 1 0 |a Národohospodářský obzor  |b časopis věnovaný otázkám národohospodářským a sociálněpolitickým 
264 1 |a Varšava  |b Sciendo  |c 2025 
773 0 |w eu_un_cat*s122567